| 000 | 00613nam a22001817a 4500 | ||
|---|---|---|---|
| 005 | 20241220113412.0 | ||
| 010 | _aENG-143125 | ||
| 020 |
_c749.00 _a9789355012326 |
||
| 035 | _aEN-126657 | ||
| 037 | _bDBAD/PUB | ||
| 082 | _a000 | ||
| 100 |
_aAggarwal, R. S. _975486 |
||
| 245 |
_aQuantitative Aptitude/ _cby R. S. Aggarwal |
||
| 260 |
_aNew Delhi _bS. Chand Publishing _c2022 |
||
| 270 |
_bNew Delhi _aBlock B-1, House No. D-1, Ground Floor, Mohan Co-operative Industrial Estate, _e110044 _k01166672000 _minfo@schandpublishing.com |
||
| 300 |
_a910p. _c27cm(pbk) |
||
| 942 |
_2ddc _cEN _h000 _mAGG |
||
| 999 |
_c207853 _d207853 |
||